|
|
|
|
| LEADER |
00632nam a2200169Ia 4500 |
| 001 |
6494 |
| 008 |
170722s9999 xx 000 0 und d |
| 245 |
|
|
|a Study of the Middle East :
|b Research and scholarship in the humanities and social sciences /
|
| 260 |
|
|
|a John wiley :
|b New York ,
|c 1976.
|
| 300 |
|
|
|a 648 p.
|c 23cms
|
| 490 |
|
|
|a Middle East studies association,Research and training committee,Project 1972-73
|
| 653 |
|
|
|a Generalia
|
| 653 |
|
|
|a Gulf
|
| 700 |
|
|
|a Binder, Leonard
|e editor.
|
| 942 |
|
|
|c GEN
|
| 999 |
|
|
|c 90644
|d 90644
|
| 952 |
|
|
|0 0
|1 0
|4 0
|6 Z_49DF_L6
|7 0
|9 127055
|a LIB
|b LIB
|d 2013-03-25
|o z49D:f L6
|p 164923
|r 2017-08-12
|w 2017-08-12
|y GEN
|